| 000 | 00792nam a22002417a 4500 | ||
|---|---|---|---|
| 005 | 20250408165304.0 | ||
| 010 | _aENG-144533 B-745523 | ||
| 020 |
_a9788193917152 _c295.00 |
||
| 020 | _c350.00 | ||
| 035 | _aB-745523 | ||
| 035 | _aEN-128065 | ||
| 037 | _bOakBridge | ||
| 037 | _bDBAD | ||
| 100 |
_aJindal, Manuj _980461 |
||
| 245 |
_a110+ in GS 2: _bFor Civil Services Main Examination/ _cManuj Jindal |
||
| 260 |
_aHaryana _bOakBridge Publishing _c2019 |
||
| 270 |
_aM 35, 1st Floor, Old DLF, Gurugram, _bHaryana _e122001 _k91 1244305970 _minfo@oakbridge.in |
||
| 300 |
_a303p _c24cm.(pbk) |
||
| 500 | _aContains Appendix | ||
| 505 | _a | ||
| 942 |
_2ddc _cEN _mJIN _h000 |
||
| 999 |
_c192246 _d192246 |
||